| 000 | 01692nam a2200361 i 4500 | ||
|---|---|---|---|
| 001 | 1517030169 | ||
| 003 | OCoLC | ||
| 005 | 20251002123852.0 | ||
| 008 | 250320s2025 nyua a 000 1 eng d | ||
| 010 | _a 2024947431 | ||
| 020 |
_a9780063333864 _qtrade |
||
| 020 | _a0063333864 | ||
| 035 | _a(OCoLC)1517030169 | ||
| 040 |
_aICrlF _beng _cICrlF _erda _dBTCAT |
||
| 092 |
_achildren picture book _bMoises |
||
| 100 | 1 |
_aMoises, Yesenia, _eauthor, _eillustrator. _96461768 |
|
| 245 | 1 | 0 |
_aSounds like Joy / _cYesenia Moises. |
| 250 | _aFirst edition. | ||
| 264 | 1 |
_aNew York, NY : _bVersify, an imprint of HarperCollinsPublishers, _c[2025] |
|
| 300 |
_a1 volume (unpaged) : _bcolor illustrations ; _c24 x 29 cm. |
||
| 336 | _atext | ||
| 337 | _aunmediated | ||
| 338 | _avolume | ||
| 520 | _a"One day, Joy finds something unexpected on the ocean reef. When she shakes it, it makes a brand-new noise! Soon she and her aquatic animal friends are dancing to the beat and feeling amazing . . . until her 'jingle-jangle' loses a few important pieces and stops making the special sound she loves. The little mermaid's friends spring into action with some creative noisemaking to cheer her up! How can they use what they have under the sea to make the sound she's missing?"--Provided by publisher. | ||
| 650 | 0 |
_aMermaids _vJuvenile fiction. _95674231 |
|
| 650 | 0 |
_aMarine animals _vJuvenile fiction. _95679224 |
|
| 650 | 0 |
_aSound _vJuvenile fiction. _95727132 |
|
| 650 | 1 |
_aMermaids _vFiction. _95674228 |
|
| 650 | 1 |
_aMarine animals _vFiction. _95679221 |
|
| 650 | 1 |
_aSound _vFiction. _95684372 |
|
| 655 | 7 |
_aPicture books. _2lcgft. |
|
| 942 |
_2ddc _cBOOK |
||
| 999 |
_c412151 _d412151 |
||